00654nam a22001935i 4500001000700000003000900007005001700016008004100033040002000074100002400094245006800118260009100186300003300277490003600310650002200346650002000368830003600388852003600424157448ES-MaACL20250827091223.0040824s1877 fr |||| | fre d aCAM bspa cCAM1 aLefèvre, André.10aReligions et mythologies comparées / cpar André Lefèvre. aParis : bErnest Leroux, éditeur, c1877 (ePérigueux : fImprimerie Ch. Rastouil) aXXXV, 329, [4] p. ; c18 cm.1 aEssais de critique générale07aReligiones2embne 7aLeyendas2embne0 aEssais de critique générale aES-MaACLjD-3048 z-- Enc. hol.